000 00787cam a2200253 4500500
005 20260329005644.0
041 _afre
042 _adc
100 1 0 _aEnjalbert, Cédric
_eauthor
245 0 0 _aMichaël Fœssel : “On est entré dans l’ère des valeurs, par opposition aux principes”
260 _c2024.
500 _a71
690 _aExclusion
690 _aExtrême droite
690 _aIdentité
690 _aLégislative
690 _aMichaël Fœssel
690 _aPolitique
690 _aPrincipe
690 _aRassemblement national
690 _aValeurs
786 0 _nPhilosophie magazine | 181 | 6 | 2024-07-01 | p. 18-18 | 1951-1787
856 4 1 _uhttps://shs.cairn.info/magazine-philosophie-magazine-2024-6-page-18?lang=fr&redirect-ssocas=7080
999 _c1845306
_d1845306